| 000 | 01174nam a2200325 i 4500 | ||
|---|---|---|---|
| 001 | 000012528 | ||
| 003 | DO-SdBNP | ||
| 005 | 20251008134321.0 | ||
| 007 | ta | ||
| 008 | 091113s1982 dr r 000 f spa d | ||
| 040 |
_aDO-SdBNP _bspa _cBNPHU _erda |
||
| 041 | _aspa | ||
| 082 | 4 |
_aRD863.44 _bM524v _222 |
|
| 100 | 1 |
_aMella Chavier, Georgilio, _d1923- _eautor _4aut. _929238 |
|
| 245 | 1 | 0 |
_aVicente y la soledad / _cGeorgilio Mella Chavier ; edición, Freddy Gatón Arce. |
| 264 | 1 |
_aSanto Domingo, República Dominicana : _bEditora Taller, _c1982. |
|
| 300 |
_a240 páginas ; _c23 cm. |
||
| 336 |
_ardacontent _btexto _2txt |
||
| 337 |
_ardamedia _bsin mediación _2n |
||
| 338 |
_ardacarrier _bvolumen _2nc |
||
| 490 | 0 |
_aColección Literatura ; _v4 |
|
| 500 | _aIncluye datos biográficos del autor en la solapa de la cubierta | ||
| 586 | _aObra merecedora del premio Siboney de literatura correspondiente al 1981 | ||
| 590 | _aInventariado, 2020/BT | ||
| 650 | 4 |
_aNovela dominicana _9223 |
|
| 650 | 4 |
_aLiteratura dominicana. _967 |
|
| 700 | 1 |
_aGatón Arce, Freddy, _d1920-1994 _eeditor _4ed. _97946 |
|
| 910 | _aValidado. Control de calidad MFF | ||
| 942 |
_2ddc _cLBS1 |
||
| 999 |
_c12183 _d12183 |
||